| 000 | 01341nam a2200409 i 4500 | ||
|---|---|---|---|
| 001 | 6454 | ||
| 003 | KOSZ 005 | ||
| 005 | 20200814144727.0 | ||
| 008 | s1993 pl f |000 0 pol | ||
| 020 | _a8301055545 | ||
| 040 |
_cKOSZ 005 _aKOSZ 005 _dKOSZ 005/EG |
||
| 041 | _apol | ||
| 080 | _a544 | ||
| 080 | _a(075.8) | ||
| 100 | 1 |
_aPigoń, Krzysztof _d(1925-2001) _eAutor |
|
| 245 | 1 | 0 |
_aChemia fizyczna. _nCz.1 / _cKrzysztof Pigoń, Zdzisław Ruziewicz. |
| 250 | _aWyd. 4 popr. | ||
| 260 |
_aWarszawa : _bWydawnictwo Naukowe PWN, _c1993. |
||
| 300 |
_a467, [1] s. : _brys. wykr. ; _c24 cm. |
||
| 336 |
_2rdacontent _aTekst _btxt |
||
| 337 |
_2rdamedia _aBez urządzenia pośredniczącego _bn |
||
| 338 |
_2rdacarrier _aWolumin _bnc |
||
| 380 | _aKsiążki | ||
| 380 | _aPublikacje dydaktyczne | ||
| 385 |
_mPoziom nauczania _aSzkoły wyższe |
||
| 388 | _a1901-2000 | ||
| 388 | _a1989-2000 | ||
| 490 | 1 | _aBiblioteka Chemii | |
| 650 | 7 | _aChemia fizyczna | |
| 655 | _aPodręczniki akademickie | ||
| 658 | _aChemia | ||
| 700 | 1 |
_aRuziewicz, Zdzisław _d(1925-1997) _eAutor |
|
| 710 | 2 | _aWydawnictwo Naukowe PWN | |
| 856 |
_uhttp://koha.tu.koszalin.pl/cgi-bin/koha/opac-detail.pl?biblionumber=6454 _yKatalog online BPK |
||
| 830 |
_aBiblioteka Chemii _vT. 4 |
||
| 942 |
_cKS _2UKD |
||
| 999 |
_c6454 _d6454 |
||